Literatura y anarquismo en Argentina (1879-1919) /

Bibliographic Details
Main Author: Ansolabehere, Pablo (Author)
Format: Electronic eBook
Language:Spanish
Published: Rosario : Beatriz Viterbo Editora, [2011]
Edition:Primera edición.
Series:Ensayos críticos (Rosario, Argentina)
Subjects:
Online Access:Digitalia Hispánica

MARC

LEADER 00000nam a2200000 i 4500
001 DIGVITED0023
003 NyNyDIG
007 cr |||||||||||
008 231013s2011 ag ob 000 0 spa d
006 m o d
035 |a (OCoLC)1406037080 
040 |a DGITA  |b eng  |e rda  |e pn  |c DGITA 
020 |z 9789508452573 
043 |a s-ag--- 
050 1 4 |a PQ7652 ebook 
100 1 |a Ansolabehere, Pablo,  |e author. 
245 1 0 |a Literatura y anarquismo en Argentina (1879-1919) /  |c Pablo Ansolabehere. 
250 |a Primera edición. 
264 1 |a Rosario :  |b Beatriz Viterbo Editora,  |c [2011] 
300 |a 1 online resource. 
336 |a text  |b txt  |2 rdacontent 
337 |a computer  |b c  |2 rdamedia 
338 |a online resource  |b cr  |2 rdacarrier 
347 |a text file  |2 rdaft 
347 |b EPUB 
490 1 |a Ensayos críticos 
504 |a Includes bibliographical references. 
588 0 |a Online resource; title from ePub title page (Digitalia, viewed October 13, 2023) 
650 0 |a Argentine literature  |y 19th century  |x History and criticism. 
650 0 |a Argentine literature  |y 20th century  |x History and criticism. 
650 0 |a Anarchism in literature. 
650 0 |a Politics and literature  |z Argentina. 
791 2 |a Digitalia (Firm),  |e distributor. 
793 0 |g Digitalia eBook Collection:  |a Beatriz Viterbo Editora 
776 0 8 |i Print version:  |a Ansolabehere, Pablo.  |t Literatura y anarquismo en Argentina (1879-1919).  |b Primera edición.  |d Rosario : Beatriz Viterbo Editora, [2011]  |z 9789508452573 
830 0 |a Ensayos críticos (Rosario, Argentina) 
856 4 0 |3 Digitalia Hispánica  |u https://www.digitaliapublishing.com/a/129418/ 
910 |a Premium collection: 2023